000 006920000a22002170004500
090 _aAR
_b03552
245 1 0 _aFood selection and feeding in acridoids
_sa review
650 1 4 _aEntomología
_94483
650 1 4 _aSelección de comida
_997038
650 1 4 _aHábitat
_992506
650 1 4 _aEtología
_97606
650 1 4 _aFilogenética
_94310
653 _gMelanosoplus
_eMelanosoplus sanguinepus
653 _gZonocerus
_eZonocerus variegatus
041 0 _aInglés
700 1 _aMuralirangan, M. C.
_997180
700 1 _aMuralirangan, Meera
_997181
100 1 _aGangwere, S. K.
_996684
942 _cARTICULO
773 1 _tContributions of the American Entomological Institute
_h5
_q1-56
_d1989
_g25
999 _c12602
_d12602